[Event "Saint Quentin 2005"]
[Site "Elancourt"]
[Date "2005.04.26"]
[Round "4.5"]
[White "Couturier, Francois"]
[Black "Plantet, Marc"]
[Result "0-1"]
[WhiteElo "2075"]
[BlackElo "2036"]
[PlyCount "152"]
[EventDate "2005.04.??"]

1. d4 Nf6 2. Nf3 e6 3. c4 d5 4. Nc3 c6 5. e3 Nbd7 6. Bd3 dxc4 7. Bxc4 b5 8. Bd3
a6 9. O-O Bb7 10. Qe2 c5 11. Rd1 Qb6 12. a3 cxd4 13. exd4 Be7 14. Bg5 h6 15.
Be3 Ng4 16. Bf4 g5 17. Bg3 h5 18. h3 h4 19. Be5 Ngxe5 20. Nxe5 Nxe5 21. Qxe5
Rg8 22. Be2 Bd6 23. Qe3 O-O-O 24. Rac1 Kb8 25. Rc2 Bf4 26. Qd3 f5 27. Bf3 g4
28. Bxb7 Qxb7 29. Ne2 gxh3 30. Qxh3 Qe4 31. Nxf4 Qxc2 32. Re1 Qd2 33. Qe3 Qxe3
34. fxe3 Rd6 35. Kf2 Kc7 36. Rc1+ Kd7 37. Rc5 Rc8 38. Rc3 Rdc6 39. Ne2 Kd6 40.
Kf3 Rxc3 41. Nxc3 Rg8 42. Ne2 Rg6 43. Nf4 Rh6 44. Nd3 h3 45. gxh3 Rxh3+ 46. Ke2
Rh2+ 47. Kf3 a5 48. Kf4 Rd2 49. Nc5 Kd5 50. b3 Rf2+ 51. Kg3 Rc2 52. Kf4 Rc3 53.
a4 bxa4 54. bxa4 Ra3 55. Nd7 Rb3 56. Nc5 Rb4 57. Nd7 Rb1 58. Kf3 Rb4 59. Kf4
Kc6 60. Nc5 Kd6 61. Kg5 Kd5 62. Nd7 Rb7 63. Nc5 Rc7 64. Kf4 e5+ 65. Kxf5 exd4
66. exd4 Rf7+ 67. Kg4 Ra7 68. Kf3 Kxd4 69. Ne6+ Kc3 70. Ke4 Re7 71. Kd5 Kb4 72.
Nc5 Rh7 73. Nd3+ Kxa4 74. Kc4 Rc7+ 75. Kd4 Rd7+ 76. Kc3 Rxd3+ 0-1

[Event "Saint Quentin 2005"]
[Site "Elancourt"]
[Date "2005.04.25"]
[Round "4.6"]
[White "D'Avout d'Averstaedt, Geoffroy"]
[Black "Fayolle, Guy"]
[Result "1-0"]
[WhiteElo "2032"]
[BlackElo "1958"]
[PlyCount "57"]
[EventDate "2005.04.??"]

1. e4 e5 2. Nf3 Nc6 3. Nc3 Bc5 4. g3 Nf6 5. Bg2 O-O 6. O-O d6 7. h3 Nh5 8. Nxe5
Nxg3 9. Nxc6 bxc6 10. d4 Bxd4 11. Qxd4 Nxf1 12. Bxf1 Qh4 13. Qe3 h6 14. Qg3 Qh5
15. b3 Kh7 16. Bb2 g5 17. Ne2 Qg6 18. Qc3 Bd7 19. Ng3 Rae8 20. Nh5 Re5 21. Qf3
g4 22. Nf6+ Kg7 23. hxg4 Qxf6 24. Qxf6+ Kxf6 25. f4 Bxg4 26. fxe5+ dxe5 27. Bc4
Be6 28. Rf1+ Ke7 29. Ba3+ 1-0

[Event "Saint Quentin 2005"]
[Site "Elancourt"]
[Date "2005.04.26"]
[Round "4.7"]
[White "Benier, Adrien"]
[Black "Hadet, Emmanuel"]
[Result "1/2-1/2"]
[WhiteElo "1970"]
[BlackElo "2030"]
[PlyCount "179"]
[EventDate "2005.04.??"]

1. e4 c6 2. Nf3 d6 3. Bc4 d5 4. exd5 cxd5 5. Bb5+ Bd7 6. Bxd7+ Nxd7 7. Nc3 e6
8. Qe2 Ngf6 9. O-O a6 10. Re1 Bd6 11. Nd4 Qc7 12. h3 O-O 13. d3 b5 14. Nxe6
fxe6 15. Qxe6+ Kh8 16. Nxd5 Nxd5 17. Qxd5 Nf6 18. Qb3 Nh5 19. Be3 Rad8 20. Bg5
Rc8 21. Re2 Nf4 22. Bxf4 Rxf4 23. Rae1 Rcf8 24. Qd5 Bc5 25. Rf1 Qb6 26. Re6 Qa7
27. Kh1 Bxf2 28. Qe5 Qf7 29. Re7 Qf6 30. Re6 Qxe5 31. Rxe5 Kg8 32. Re2 R8f6 33.
g4 Kf7 34. Kg2 Bh4 35. Rxf4 Rxf4 36. b3 Bf6 37. c4 Rd4 38. Re3 Be7 39. Kf2 Bg5
40. Rf3+ Ke7 41. cxb5 axb5 42. Rf5 Rf4+ 43. Rxf4 Bxf4 44. Kf3 Bc7 45. a4 bxa4
46. bxa4 Ke6 47. Ke4 g6 48. Kd4 Kd6 49. Kc4 Kc6 50. Kd4 Kd6 51. Kc4 Bb6 52. Kb5
Ba7 53. Ka6 Bc5 54. Kb5 Kd5 55. a5 g5 56. Ka4 Kc6 57. Kb3 Kb5 58. Kc3 Bf2 59.
Kd2 Kxa5 60. Ke2 Bh4 61. Kf3 Kb5 62. Ke4 Kc6 63. Ke5 Kd7 64. Kd5 Bg3 65. Ke4
Kd6 66. Kf3 Bh4 67. Ke4 h6 68. Kd4 Be1 69. Ke4 Bc3 70. h4 gxh4 71. Kf3 Ke5 72.
Kg2 Kf4 73. Kh3 Bf6 74. Kg2 Ke3 75. d4 Kxd4 76. Kh3 Ke4 77. Kg2 Kf4 78. Kh2 Kf3
79. Kh3 Ke2 80. Kg2 Bg5 81. Kh3 Kd1 82. Kg2 Bf4 83. Kh3 Bg3 84. Kg2 Kc2 85. Kf3
Kd1 86. Kg2 Ke2 87. Kg1 h3 88. Kh1 Ke3 89. Kg1 Kf3 90. Kh1 1/2-1/2

[Event "Saint Quentin 2005"]
[Site "Elancourt"]
[Date "2005.04.25"]
[Round "4.8"]
[White "Hedjazian, Navid"]
[Black "Scozzesi, Francois"]
[Result "1-0"]
[WhiteElo "1954"]
[BlackElo "2010"]
[PlyCount "83"]
[EventDate "2005.04.??"]

1. e4 e6 2. d4 d5 3. Nd2 Nf6 4. e5 Nfd7 5. Bd3 c5 6. c3 cxd4 7. cxd4 Nc6 8. Ne2
f6 9. exf6 Nxf6 10. Nf3 Bd6 11. O-O O-O 12. Bf4 Bxf4 13. Nxf4 Ne4 14. Ne2 Rxf3
15. gxf3 Ng5 16. f4 Nh3+ 17. Kh1 Qh4 18. Ng3 Nxf4 19. Re1 e5 20. dxe5 Bg4 21.
f3 Nxd3 22. Qxd3 Nb4 23. Qb3 Rf8 24. Re3 Be6 25. a3 Nc6 26. Ne2 Na5 27. Qc3 Nc4
28. Rd3 Rf5 29. Qd4 Qh6 30. f4 Rh5 31. Qf2 Bf5 32. Rg3 Be4+ 33. Kg1 b6 34. Rc1
Nxb2 35. Rc8+ Kf7 36. Rc7+ Kf8 37. Rgxg7 Nd3 38. Qg3 Bg6 39. Nd4 Nxf4 40. Qxf4+
Bf5 41. Qxh6 Rxh6 42. Nxf5 1-0

[Event "Saint Quentin 2005"]
[Site "Elancourt"]
[Date "2005.04.25"]
[Round "4.9"]
[White "Brunel, Eric"]
[Black "Duval, Sylvain"]
[Result "1/2-1/2"]
[WhiteElo "1920"]
[BlackElo "2006"]
[PlyCount "82"]
[EventDate "2005.04.??"]

1. e4 c5 2. Nf3 Nc6 3. d4 cxd4 4. Nxd4 Nf6 5. Nc3 e5 6. Ndb5 d6 7. Bg5 a6 8.
Na3 Be7 9. Bxf6 Bxf6 10. Nd5 b5 11. c4 b4 12. Nc2 a5 13. b3 Be6 14. Be2 O-O 15.
Nxf6+ gxf6 16. Qd2 Qe7 17. Rd1 Rad8 18. Bf3 Kh8 19. O-O Rg8 20. Qe3 Qa7 21.
Qxa7 Nxa7 22. Rd3 Rd7 23. Rfd1 Rgd8 24. h3 Nc6 25. Bg4 Kg7 26. c5 Kf8 27. cxd6
Na7 28. Ne3 Nb5 29. f3 Rxd6 30. Rxd6 Rxd6 31. Rxd6 Nxd6 32. Kf2 Nb5 33. Bxe6
fxe6 34. Nc4 Nc3 35. a3 bxa3 36. Nxa3 Ke7 37. Nc4 a4 38. bxa4 Nxa4 39. Kg3 Nc5
40. Kg4 Kf7 41. Nd6+ Ke7 1/2-1/2

[Event "Saint Quentin 2005"]
[Site "Elancourt"]
[Date "2005.04.25"]
[Round "4.10"]
[White "Le Ray, Olivier"]
[Black "Dominguez, Alain"]
[Result "1-0"]
[WhiteElo "1982"]
[BlackElo "1920"]
[PlyCount "65"]
[EventDate "2005.04.??"]

1. e4 c5 2. Nf3 Nc6 3. d4 cxd4 4. Nxd4 d6 5. Nc3 Bd7 6. Be3 Nf6 7. f3 a6 8. Qd2
b5 9. O-O-O Qc7 10. Kb1 Rc8 11. g4 Nxd4 12. Bxd4 e5 13. Be3 Bc6 14. g5 Nh5 15.
Bh3 Rd8 16. Bg4 g6 17. Qf2 Qb7 18. Bxh5 gxh5 19. Qh4 Bg7 20. Qxh5 a5 21. Nd5
Bxd5 22. Rxd5 Rd7 23. Rhd1 Qc6 24. Qg4 O-O 25. h4 a4 26. h5 Ra8 27. g6 hxg6 28.
hxg6 Rc7 29. R1d2 b4 30. gxf7+ Rxf7 31. Rxd6 Qc5 32. Rd7 Rxd7 33. Rxd7 1-0

[Event "Saint Quentin 2005"]
[Site "Elancourt"]
[Date "2005.04.25"]
[Round "4.11"]
[White "Francois, Jean"]
[Black "Legrix, Jean-Marie"]
[Result "0-1"]
[WhiteElo "1900"]
[BlackElo "1976"]
[PlyCount "124"]
[EventDate "2005.04.??"]

1. c4 Nf6 2. Nc3 g6 3. e4 d6 4. Nf3 Bg7 5. d3 c5 6. Be2 O-O 7. Bd2 Nc6 8. Qc1
Bd7 9. Bh6 a6 10. Bxg7 Kxg7 11. O-O Rc8 12. Re1 e5 13. Nd5 b5 14. b3 Nb4 15.
Nxf6 Qxf6 16. a3 Nc6 17. h3 Qe7 18. cxb5 axb5 19. Qb2 Rc7 20. Rac1 Ra8 21. Ra1
Rca7 22. Rec1 f6 23. Bd1 Qf7 24. Kh2 Ra6 25. Kg1 Be6 26. Kh2 Qa7 27. a4 Nb4 28.
Qc3 Bd7 29. Nd2 bxa4 30. bxa4 Bxa4 31. Bxa4 Rxa4 32. Rxa4 Qxa4 33. Qc4 Qd7 34.
Nf3 Qf7 35. Qb5 Ra3 36. Rd1 Rb3 37. Qb8 Rxd3 38. Rxd3 Nxd3 39. Qxd6 Nxf2 40.
Qxc5 Nxe4 41. Qa5 Nd6 42. Qd8 Nf5 43. Qa8 Qc7 44. Qe4 Nd6 45. Qd5 Nc4 46. Kh1
Ne3 47. Qd2 Nf5 48. g4 Qb7 49. Qg2 Nd4 50. Nxd4 Qxg2+ 51. Kxg2 exd4 52. Kf3 f5
53. g5 Kf7 54. Kf4 Ke6 55. h4 Kd5 56. h5 d3 57. hxg6 hxg6 58. Ke3 Kc4 59. Kd2
Kd4 60. Kd1 Ke3 61. Ke1 f4 62. Kd1 f3 0-1

[Event "Saint Quentin 2005"]
[Site "Elancourt"]
[Date "2005.04.25"]
[Round "4.12"]
[White "Bilquez, Romain"]
[Black "Fischer, Jean-Claude"]
[Result "1/2-1/2"]
[WhiteElo "2001"]
[BlackElo "1920"]
[PlyCount "46"]
[EventDate "2005.04.??"]

1. d4 Nf6 2. c4 g6 3. Nc3 Bg7 4. e4 d6 5. Nf3 Bg4 6. h3 Bxf3 7. Qxf3 c6 8. Be3
Nbd7 9. Be2 a6 10. O-O O-O 11. g3 Qc8 12. Qg2 b5 13. Rac1 b4 14. Nd1 c5 15. d5
a5 16. f4 a4 17. Nf2 b3 18. a3 Nxe4 19. Qxe4 Bxb2 20. Ra1 Qb7 21. Nd3 Bxa1 22.
Rxa1 Rab8 23. Rb1 e6 1/2-1/2

[Event "Saint Quentin 2005"]
[Site "Elancourt"]
[Date "2005.04.25"]
[Round "4.13"]
[White "Aouizerate, Robert"]
[Black "Velitchko, Kirill"]
[Result "0-1"]
[WhiteElo "1989"]
[BlackElo "1199"]
[PlyCount "66"]
[EventDate "2005.04.??"]

1. e4 c5 2. Nf3 Nc6 3. d4 cxd4 4. Nxd4 Nf6 5. Nc3 e5 6. Ndb5 d6 7. Bg5 a6 8.
Na3 b5 9. Nd5 Be7 10. Bxf6 Bxf6 11. c3 Bg5 12. Nc2 O-O 13. Be2 Kh8 14. a4 bxa4
15. Rxa4 a5 16. Nce3 Rb8 17. b4 axb4 18. cxb4 Bxe3 19. Nxe3 Rxb4 20. Rxb4 Nxb4
21. O-O Be6 22. Nc4 Bxc4 23. Bxc4 Qc7 24. Qb3 Nc6 25. Bd5 Nd4 26. Qe3 Rc8 27.
f4 Qc5 28. Kh1 exf4 29. Qxf4 f6 30. h3 Ne2 31. Qh4 Qc3 32. Kh2 Qe5+ 33. g3 Nxg3
0-1

[Event "Saint Quentin 2005"]
[Site "Elancourt"]
[Date "2005.04.25"]
[Round "4.14"]
[White "Habunek, Patrick"]
[Black "Mahe, Romain"]
[Result "1-0"]
[WhiteElo "1700"]
[BlackElo "1970"]
[PlyCount "69"]
[EventDate "2005.04.??"]

1. e4 e5 2. Nf3 Nc6 3. d4 exd4 4. Nxd4 Qh4 5. Nb5 Bb4+ 6. N1c3 Ba5 7. Be2 a6 8.
Nd4 Qxe4 9. Be3 Nf6 10. O-O Bxc3 11. bxc3 Nd5 12. Bd3 Nxe3 13. Bxe4 Nxd1 14.
Raxd1 O-O 15. Nf3 d6 16. Bd3 h6 17. Rfe1 Bg4 18. Rb1 Bxf3 19. gxf3 Rab8 20. Kg2
Ne5 21. f4 Nxd3 22. cxd3 b5 23. Re7 c5 24. Rbe1 b4 25. cxb4 Rxb4 26. Rd7 Rd4
27. Re3 a5 28. Kf3 a4 29. a3 h5 30. h3 Kh7 31. Ke2 Kg6 32. Re4 Rxe4+ 33. dxe4
Re8 34. Rxd6+ Re6 35. f5+ 1-0

[Event "Saint Quentin 2005"]
[Site "Elancourt"]
[Date "2005.04.25"]
[Round "4.15"]
[White "Appavou, Calixte"]
[Black "Rodriguez, Jean-Pierre"]
[Result "1-0"]
[WhiteElo "1960"]
[BlackElo "1650"]
[PlyCount "101"]
[EventDate "2005.04.??"]

1. e4 e6 2. d4 d5 3. Nd2 c5 4. c3 Nc6 5. Bb5 Bd7 6. Ne2 Qb6 7. Bxc6 Bxc6 8.
exd5 Bxd5 9. O-O Qc6 10. Nf4 cxd4 11. cxd4 Nf6 12. Nxd5 Qxd5 13. Nf3 Be7 14.
Re1 O-O 15. Bf4 Ne4 16. Rc1 Rac8 17. Qe2 Rxc1 18. Rxc1 Bd6 19. Bxd6 Nxd6 20.
Qe5 f6 21. Qxd5 exd5 22. Rc5 Rc8 23. Ne1 Rxc5 24. dxc5 Nb5 25. Nc2 Kf7 26. a4
Nc7 27. b4 a6 28. Kf1 Ke6 29. Ke2 Ke5 30. Kd3 f5 31. Nd4 g6 32. b5 axb5 33.
axb5 h6 34. b6 Na6 35. Nf3+ Ke6 36. Kd4 Nb8 37. h4 Nc6+ 38. Kc3 Kd7 39. Kd3 Ke6
40. Nd4+ Kd7 41. Nb5 Ke6 42. Nd6 Nd8 43. Nb5 Nc6 44. f4 h5 45. Nc7+ Kd7 46.
Nxd5 Na5 47. Nb4 Nc6 48. Nxc6 Kxc6 49. Kd4 Kb5 50. Kd5 Ka6 51. Kd6 1-0

[Event "Saint Quentin 2005"]
[Site "Elancourt"]
[Date "2005.04.25"]
[Round "4.17"]
[White "Boussaha, Bilal"]
[Black "Durez, Gerard"]
[Result "1-0"]
[WhiteElo "1877"]
[BlackElo "1530"]
[PlyCount "168"]
[EventDate "2005.04.??"]

1. e4 c6 2. d4 d5 3. exd5 cxd5 4. c4 Nf6 5. Nc3 e6 6. Nf3 Nc6 7. Bd3 Bb4 8. O-O
Bxc3 9. bxc3 dxc4 10. Bxc4 O-O 11. Bg5 Qa5 12. Bxf6 gxf6 13. Qd3 Qh5 14. Rfe1
Ne7 15. Bb3 Ng6 16. c4 b6 17. Nd2 Bb7 18. Ne4 Bxe4 19. Qxe4 Qh4 20. Qxh4 Nxh4
21. d5 exd5 22. cxd5 Rad8 23. Re7 a5 24. Rd1 Rd6 25. Rc1 Rfd8 26. Rcc7 Rf8 27.
a4 Nf5 28. Red7 Rxd7 29. Rxd7 Nd4 30. Bc4 Rc8 31. Bf1 Rc1 32. g3 Ra1 33. Rd8+
Kg7 34. Rb8 Rxa4 35. Rxb6 Ra1 36. Kg2 a4 37. d6 Rd1 38. d7 Ne6 39. Bb5 a3 40.
Ra6 Nc5 41. Rxa3 Nxd7 42. Ra7 Ne5 43. h3 Rd8 44. f4 Rd2+ 45. Kf1 Ng6 46. Bc4
Nh8 47. f5 h6 48. Kg1 Rc2 49. Bf1 Rd2 50. g4 Rb2 51. Bg2 Rb5 52. Ra8 h5 53.
gxh5 Rb4 54. Kh2 Rh4 55. Bf3 Rf4 56. Kg3 Rc4 57. Kf2 Rb4 58. Kg3 Rd4 59. Bg4
Rb4 60. Kf3 Rd4 61. Ke3 Rb4 62. Kd3 Rf4 63. Re8 Ra4 64. Rc8 Rb4 65. Rc4 Rb8 66.
Rc5 Kh6 67. Kc4 Kg5 68. Rc7 Re8 69. Kc5 Ng6 70. hxg6 fxg6 71. Rg7 Re5+ 72. Kd6
Rxf5 73. Bxf5 Kxf5 74. Kd5 g5 75. Kd4 Kf4 76. Kd3 Kf3 77. Rf7 Kf4 78. Rxf6+ Kg3
79. Rh6 Kf4 80. Ke2 Kg3 81. Ke3 g4 82. hxg4 Kxg4 83. Rf6 Kg5 84. Rf4 Kg6 1-0

[Event "Saint Quentin 2005"]
[Site "Elancourt"]
[Date "2005.04.25"]
[Round "4.18"]
[White "Collette, Gilles"]
[Black "Sineux, Sandra"]
[Result "1/2-1/2"]
[WhiteElo "1790"]
[BlackElo "1510"]
[PlyCount "41"]
[EventDate "2005.04.??"]

1. e4 e6 2. d4 d5 3. exd5 exd5 4. Bd3 Nf6 5. Ne2 Bg4 6. c3 Nbd7 7. Bf4 Be7 8.
Qc2 O-O 9. Ng3 Rc8 10. h3 Be6 11. O-O c5 12. Qd2 Qb6 13. dxc5 Bxc5 14. b4 Bd6
15. Bxd6 Qxd6 16. Rd1 Ne5 17. Be2 Nc4 18. Bxc4 Rxc4 19. Na3 Rcc8 20. Nb5 Qb6
21. Nd4 1/2-1/2

[Event "Saint Quentin 2005"]
[Site "Elancourt"]
[Date "2005.04.25"]
[Round "4.19"]
[White "Szwedkowski, Sylvain"]
[Black "Benchara, Sara"]
[Result "1-0"]
[WhiteElo "1790"]
[BlackElo "1150"]
[PlyCount "51"]
[EventDate "2005.04.??"]

1. d4 d5 2. c4 c5 3. cxd5 cxd4 4. Qxd4 Nf6 5. e4 Bg4 6. Nc3 Nbd7 7. e5 Nh5 8.
Qxg4 g6 9. Bb5 e6 10. dxe6 fxe6 11. Qxe6+ Be7 12. Nd5 Ng7 13. Bxd7+ Kf8 14.
Qxe7+ Qxe7 15. Nxe7 Kxe7 16. Bh3 Rad8 17. Bg5+ Ke8 18. Bxd8 Kxd8 19. O-O-O+ Ke7
20. Rd7+ Ke8 21. Rxg7 Kd8 22. Rxb7 Re8 23. Nf3 Rh8 24. Rd1+ Ke8 25. Rb8+ Kf7
26. Rd7# 1-0

[Event "Saint Quentin 2005"]
[Site "Elancourt"]
[Date "2005.04.25"]
[Round "4.20"]
[White "Mazaltob, Gerald"]
[Black "Le Scraigne, Eric"]
[Result "1/2-1/2"]
[WhiteElo "1570"]
[BlackElo "1740"]
[PlyCount "74"]
[EventDate "2005.04.??"]

1. d4 d5 2. Nf3 Nf6 3. c4 c6 4. Nc3 e6 5. Bg5 Nbd7 6. e3 h6 7. Bxf6 Nxf6 8. Bd3
dxc4 9. Bxc4 b5 10. Bd3 Bb7 11. O-O a6 12. Rc1 Be7 13. Ne4 Nxe4 14. Bxe4 Rc8
15. Ne5 Qb6 16. Qf3 O-O 17. Nd7 Qd8 18. Nxf8 Bxf8 19. Bxc6 Bxc6 20. Rxc6 Rxc6
21. Qxc6 Qa5 22. a3 Qa4 23. g3 Qb3 24. Qc3 Qd5 25. b4 h5 26. Rc1 h4 27. Qc6 Qg5
28. Qg2 hxg3 29. Qxg3 Qd5 30. f3 Qb3 31. Qe1 Qd3 32. Rc3 Qg6+ 33. Kf2 Qh7 34.
Qg1 Qf5 35. Ke2 Qd5 36. Qd1 Qh5 37. Qg1 Qd5 1/2-1/2

[Event "Saint Quentin 2005"]
[Site "Elancourt"]
[Date "2005.04.25"]
[Round "4.21"]
[White "Ferriere, Patrick"]
[Black "Benhamouda, Mathieu"]
[Result "1-0"]
[WhiteElo "1720"]
[BlackElo "1450"]
[PlyCount "43"]
[EventDate "2005.04.??"]

1. c4 e5 2. Nc3 Nf6 3. g3 Nc6 4. Bg2 Bc5 5. Nf3 d6 6. O-O Be6 7. d3 O-O 8. a3
d5 9. cxd5 Nxd5 10. Ng5 Nxc3 11. Nxe6 Nxd1 12. Nxd8 Bxf2+ 13. Rxf2 Nxf2 14.
Nxc6 bxc6 15. Kxf2 Rab8 16. Bxc6 Rb6 17. Bf3 Rd8 18. b4 Rf6 19. Bg5 Rfd6 20.
Bxd8 Rxd8 21. Rc1 Rd7 22. Rc5 1-0

[Event "Saint Quentin 2005"]
[Site "Elancourt"]
[Date "2005.04.25"]
[Round "4.22"]
[White "Miolane, Leo"]
[Black "Gahagnon, Jacques"]
[Result "1/2-1/2"]
[WhiteElo "1550"]
[BlackElo "1720"]
[PlyCount "65"]
[EventDate "2005.04.??"]

1. e4 e6 2. d4 d5 3. e5 c5 4. c3 Qb6 5. Nf3 Bd7 6. Be2 Bb5 7. Bxb5+ Qxb5 8. Na3
Qa6 9. Be3 cxd4 10. Nxd4 Bxa3 11. bxa3 Ne7 12. Qb3 O-O 13. Nb5 Rc8 14. O-O Nbc6
15. Bd4 Nxd4 16. cxd4 Rc6 17. Rac1 Rac8 18. Rxc6 Rxc6 19. Nd6 Rb6 20. Qf3 Nf5
21. Nxf5 exf5 22. Qxf5 g6 23. Qc8+ Kg7 24. Qc3 Rc6 25. Qb3 Rc4 26. Rd1 Qc6 27.
h3 a5 28. Qe3 b5 29. Qd2 Rc3 30. Qb2 Rc2 31. Qb3 Qc4 32. Qf3 Rc3 33. Qf6+
1/2-1/2

[Event "Saint Quentin 2005"]
[Site "Elancourt"]
[Date "2005.04.25"]
[Round "4.23"]
[White "Branson, James"]
[Black "Levier, Jean-Francois"]
[Result "1-0"]
[WhiteElo "1499"]
[BlackElo "1700"]
[PlyCount "141"]
[EventDate "2005.04.??"]

1. e4 c5 2. b4 b6 3. Bb2 d6 4. Bb5+ Bd7 5. Bxd7+ Nxd7 6. f4 e6 7. Nf3 Ngf6 8.
d3 cxb4 9. Qd2 Qc7 10. a3 Be7 11. axb4 O-O 12. c4 d5 13. e5 Ne8 14. cxd5 exd5
15. Nd4 g6 16. O-O Ng7 17. f5 Nxe5 18. f6 Bxb4 19. Qxb4 Nxd3 20. Qc3 Qxc3 21.
Bxc3 Ne6 22. Nc6 a5 23. Ne7+ Kh8 24. Bd2 h5 25. g4 hxg4 26. h3 Ne5 27. hxg4
Nxg4 28. Kg2 Nxf6 29. Rxf6 Kg7 30. Rf1 d4 31. Na3 Ra7 32. Nd5 Rb7 33. Nb5 Rd8
34. Nf4 Nc5 35. Nxd4 Ne4 36. Be3 Rbd7 37. Nde6+ fxe6 38. Nxe6+ Kg8 39. Nxd8
Rxd8 40. Bxb6 Rd2+ 41. Kf3 Nd6 42. Bxa5 Rd3+ 43. Kg4 Nf5 44. Bb6 Rg3+ 45. Kf4
Rb3 46. Ra8+ Kf7 47. Bc5 Rb5 48. Rc1 Rb3 49. Ra7+ Kf6 50. Ra6+ Kf7 51. Ba3 Rb7
52. Rcc6 Ne7 53. Rf6+ Kg7 54. Bxe7 Rxe7 55. Rxg6+ Kh7 56. Raf6 Re1 57. Rg3 Rf1+
58. Kg5 Rh1 59. Rf4 Kg7 60. Kg4 Kg6 61. Kf3+ Kh7 62. Kg2 Rh5 63. Rh3 Rxh3 64.
Kxh3 Kg6 65. Kg4 Kh6 66. Kf5 Kh5 67. Re4 Kh6 68. Rh4+ Kg7 69. Rh5 Kf7 70. Rh7+
Kg8 71. Rd7 1-0

[Event "Saint Quentin 2005"]
[Site "Elancourt"]
[Date "2005.04.25"]
[Round "4.24"]
[White "Gaillet, Philippe"]
[Black "Duval, Dominique"]
[Result "1/2-1/2"]
[WhiteElo "1310"]
[BlackElo "1630"]
[PlyCount "93"]
[EventDate "2005.04.??"]

1. e4 d6 2. d4 Nf6 3. Nc3 g6 4. f4 Bg7 5. Nf3 c6 6. Be2 b5 7. a3 O-O 8. O-O Qb6
9. Be3 Ng4 10. Qd2 Nxe3 11. Qxe3 e5 12. Rad1 Bg4 13. Kh1 Bxf3 14. Qxf3 exd4 15.
Na2 Nd7 16. Nb4 a5 17. Nd3 Rae8 18. Rfe1 c5 19. b3 Kh8 20. Bf1 Qc6 21. Be2 f5
22. exf5 Qxf3 23. Bxf3 Rxe1+ 24. Rxe1 c4 25. bxc4 bxc4 26. Nc1 Rxf5 27. Bg4
Rxf4 28. Bxd7 Be5 29. g3 Rf2 30. Bb5 Rxc2 31. a4 d3 32. Nxd3 cxd3 33. Bxd3 Rd2
34. Bb5 Kg7 35. Rf1 h5 36. Rf3 Rd1+ 37. Kg2 g5 38. h3 Rd2+ 39. Rf2 Rxf2+ 40.
Kxf2 Kf6 41. Kf3 d5 42. g4 hxg4+ 43. hxg4 Bf4 44. Ke2 Ke5 45. Kd3 Bg3 46. Bd7
Kd6 47. Bb5 1/2-1/2

[Event "Saint Quentin 2005"]
[Site "Elancourt"]
[Date "2005.04.25"]
[Round "4.25"]
[White "Benhamouda, Fabrice"]
[Black "O Neill, Liam"]
[Result "1/2-1/2"]
[WhiteElo "1520"]
[BlackElo "1360"]
[PlyCount "45"]
[EventDate "2005.04.??"]

1. e4 g6 2. d4 Bg7 3. c4 d6 4. Nc3 Nd7 5. Be3 e5 6. d5 Ngf6 7. Be2 a5 8. a3 b6
9. Qd2 Nc5 10. Qc2 O-O 11. Bf3 Ng4 12. Bxg4 Bxg4 13. f3 Bd7 14. Nge2 f5 15. O-O
f4 16. Bd2 Bh6 17. b4 Nb7 18. Na2 Qg5 19. Kh1 Bg7 20. Nac1 axb4 21. Bxb4 Ra7
22. Nb3 Raa8 23. Ra2 1/2-1/2

[Event "Saint Quentin 2005"]
[Site "Elancourt"]
[Date "2005.04.25"]
[Round "4.26"]
[White "Dubos, Jean-Luc"]
[Black "Guillet, Jacques"]
[Result "0-1"]
[WhiteElo "1430"]
[BlackElo "1230"]
[PlyCount "69"]
[EventDate "2005.04.??"]

1. e4 c5 2. Nf3 d6 3. d4 cxd4 4. Nxd4 Nf6 5. Nc3 a6 6. f3 Qb6 7. Bc4 e6 8. Bb3
Be7 9. Be3 Qc7 10. Qd2 Nc6 11. O-O-O O-O 12. h4 b5 13. g4 Nxd4 14. Bxd4 e5 15.
Be3 h6 16. h5 Nh7 17. Nd5 Qb7 18. Rdg1 Ng5 19. Qf2 Be6 20. Kb1 Bd8 21. f4 Nxe4
22. Qg2 Bxd5 23. Bxd5 Qxd5 24. g5 exf4 25. gxh6 Nc3+ 26. bxc3 Qxg2 27. Rxg2
fxe3 28. Rhg1 Bf6 29. hxg7 Rfe8 30. h6 Kh7 31. Re2 Bxc3 32. Rh1 d5 33. Rh5 Re4
34. Rxd5 Rb4+ 35. Kc1 0-1

[Event "Saint Quentin 2005"]
[Site "Elancourt"]
[Date "2005.04.25"]
[Round "4.27"]
[White "Vallobra, Pierre"]
[Black "Poudroux, Joel"]
[Result "1-0"]
[WhiteElo "1360"]
[BlackElo "1199"]
[PlyCount "31"]
[EventDate "2005.04.??"]

1. d4 d5 2. c4 c6 3. Nc3 Nf6 4. Bg5 Nbd7 5. e3 h6 6. Bh4 e6 7. Bd3 b6 8. Nge2
e5 9. O-O Bd6 10. cxd5 Qc7 11. f4 exf4 12. exf4 O-O 13. Bc2 cxd5 14. Qd3 a5 15.
Nxd5 Nxd5 16. Qh7# 1-0

[Event "Saint Quentin 2005"]
[Site "Elancourt"]
[Date "2005.04.25"]
[Round "4.28"]
[White "Salaun, Alexandre"]
[Black "Benchara, Imane"]
[Result "1-0"]
[WhiteElo "1210"]
[BlackElo "1320"]
[PlyCount "83"]
[EventDate "2005.04.??"]

1. e4 e6 2. Nf3 d5 3. Bd3 Nf6 4. Nc3 Bd6 5. O-O O-O 6. e5 Bxe5 7. Nxe5 Nc6 8.
Ng4 Nxg4 9. Qxg4 e5 10. Qh5 h6 11. Be2 d4 12. Nb5 Ne7 13. Qxe5 Ng6 14. Qe4 Qg5
15. Nxc7 Rb8 16. b3 Bf5 17. Qxd4 Nf4 18. Bf3 Bh3 19. g3 Bxf1 20. Kxf1 Rbd8 21.
Qe3 Ne6 22. Qc3 Nxc7 23. d3 Qf5 24. Be4 Qd7 25. Bb2 f6 26. Ba3 Nb5 27. Qb2 Nxa3
28. Qxa3 Rfe8 29. Bg6 Re6 30. Bf5 Ra6 31. Qc5 Qd5 32. b4 Qxc5 33. bxc5 Rd5 34.
Bg6 Re5 35. d4 Re7 36. d5 Rd7 37. c6 bxc6 38. dxc6 Rxc6 39. Rb1 f5 40. Rb8+ Rc8
41. Rxc8+ Rd8 42. Rxd8# 1-0

[Event "Saint Quentin 2005"]
[Site "Elancourt"]
[Date "2005.04.26"]
[Round "5.1"]
[White "Bogdanov, Emil"]
[Black "Radulov, Ivan"]
[Result "1/2-1/2"]
[WhiteElo "2250"]
[BlackElo "2334"]
[PlyCount "36"]
[EventDate "2005.04.??"]

1. e4 e5 2. Nf3 Nf6 3. Nxe5 d6 4. Nf3 Nxe4 5. Qe2 Qe7 6. d3 Nf6 7. Bg5 Qxe2+ 8.
Bxe2 Be7 9. Nc3 c6 10. O-O-O Na6 11. d4 Nc7 12. h3 Be6 13. Rhe1 O-O-O 14. Bd3
h6 15. Bh4 Rhe8 16. b3 Nfd5 17. Nxd5 Nxd5 18. Bxe7 Nxe7 1/2-1/2

[Event "Saint Quentin 2005"]
[Site "Elancourt"]
[Date "2005.04.26"]
[Round "5.2"]
[White "Sulypa, Alexandre"]
[Black "Gerard, Nicolas"]
[Result "1-0"]
[WhiteElo "2480"]
[BlackElo "2334"]
[PlyCount "81"]
[EventDate "2005.04.??"]

1. Nf3 Nf6 2. c4 g6 3. Nc3 d5 4. Qa4+ Bd7 5. Qb3 dxc4 6. Qxc4 Bg7 7. e4 Bc6 8.
d3 O-O 9. Be2 Nbd7 10. O-O Nb6 11. Qb3 a5 12. a4 Bd7 13. h3 Be6 14. Qc2 h6 15.
Be3 Ne8 16. Rfd1 Nd6 17. d4 Bc4 18. d5 Nd7 19. Bd4 e5 20. dxe6 Bxe6 21. Bxg7
Kxg7 22. e5 Nf5 23. Nd5 Bxd5 24. Rxd5 c6 25. Rd2 Qc7 26. Rad1 Rfd8 27. g4 Ne7
28. Qc3 Kg8 29. Qe3 Nd5 30. Qxh6 Nxe5 31. Ng5 Nf6 32. f4 Rxd2 33. Rxd2 Nexg4
34. hxg4 Qxf4 35. Nxf7 Qg3+ 36. Kf1 Kxf7 37. Bc4+ Nd5 38. Bxd5+ cxd5 39. Qh7+
Kf6 40. Rf2+ Ke5 41. Qc7+ 1-0

[Event "Saint Quentin 2005"]
[Site "Elancourt"]
[Date "2005.04.26"]
[Round "5.3"]
[White "Bouverot, Olivier"]
[Black "D'Avout d'Averstaedt, Geoffroy"]
[Result "1-0"]
[WhiteElo "2138"]
[BlackElo "2032"]
[PlyCount "121"]
[EventDate "2005.04.??"]

1. d4 Nf6 2. Nf3 c5 3. c4 g6 4. g3 Bg7 5. Bg2 O-O 6. O-O cxd4 7. Nxd4 Nc6 8.
Nc3 Qb6 9. Nb3 d6 10. Nb5 Be6 11. Be3 Qd8 12. c5 Ng4 13. Bf4 Bxb2 14. Rb1 Be5
15. cxd6 Bxf4 16. gxf4 Rc8 17. e3 a6 18. dxe7 Qxe7 19. N5d4 Nxd4 20. Nxd4 b5
21. a4 Rfd8 22. axb5 axb5 23. Qf3 h5 24. Nc6 Qh4 25. Qg3 Qxg3 26. hxg3 Re8 27.
Nd4 Bc4 28. Rfd1 Rcd8 29. Bc6 Re7 30. Bxb5 Bxb5 31. Nxb5 Rxd1+ 32. Rxd1 Rb7 33.
Nd4 Rb2 34. Rf1 Kg7 35. Nf3 Kf6 36. Nh2 Nh6 37. Kg2 Nf5 38. Kf3 Rb4 39. Rc1 Nh6
40. Rc6+ Kg7 41. e4 Rb3+ 42. Kg2 Rb4 43. e5 Rb2 44. Rc7 Kg8 45. Rc3 Kg7 46. Rd3
Nf5 47. Nf3 Rb7 48. Ng5 Re7 49. Ne4 Nh6 50. Nf6 Ng8 51. Nxg8 Kxg8 52. Kh3 Kg7
53. Rd6 Re8 54. Rd7 Kg8 55. Kh4 Re6 56. Kg5 Kg7 57. Rd5 Rb6 58. Rd2 Rb3 59. f5
Rb7 60. fxg6 fxg6 61. Rd6 1-0